| 000 | 00000nam##2200000za#4500 |
| 001 | 9.615855 |
| 003 | CaOODSP |
| 005 | 20200514165640 |
| 007 | ta |
| 008 | 150406|2001||||xxc||||| f|0| 0 eng|d |
| 020 | |a0-662-31484-0 |
| 040 | |aCaOODSP|beng |
| 043 | |an-cn--- |
| 086 | 1 |aNH18-22/101-133E |
| 110 | 2 |aCanada Mortgage and Housing Corporation. |
| 245 | 10|aLower cost alternative for municipal sewer inspection and maintenance |
| 260 | |aOttawa - Ontario : |bCanada Mortgage and Housing Corporation |c2001. |
| 300 | |a4p. : |bfig., tables ; |c28 cm. |
| 490 | 1 |aResearch highlight. Technical series |v01-133 |
| 563 | |aPamphlet |
| 590 | |a01-51|b2001-12-28 |
| 690 | 07|aWaste management|2gcpds |
| 690 | 07|aWater management|2gcpds |
| 690 | 07|aUrban communities|2gcpds |
| 775 | 08|tSolution de rechange économique pour l'entretien et l'inspection des égouts municipaux |w(CaOODSP)9.625860 |
| 776 | 0#|tLower cost alternative for municipal sewer inspection and maintenance |w(CaOODSP)9.572298 |
| 830 | #0|aResearch highlight. Technical series ;|v01-133|w(CaOODSP)9.514826 |
| 986 | |aNHA 60975 |